Missing Word: Famous Acting Families Quiz Stats

 Plays Quiz Updated Nov 20, 2014

Challenge
Share
Tweet
Embed
Score 0/40 Timer 06:00
0 Plays Today
% Correct
July
94.8%
October
92.4%
Five
91%
Bride
87.5%
Balls
87.1%
Stand
86.5%
Hunger
85.2%
Aliens
82%
People
81.7%
Golden
81.1%
Female
80.4%
Polly
79.6%
Pearl
79.5%
Mob
71.7%
Forgetting
70.8%
Horses
69%
Con
66.1%
Anything
64.7%
Dogs
62.6%
Young
62%
% Correct
China
61.8%
Fidelity
60.9%
Space
60.7%
Lost
60.2%
Kiss
59.1%
Keeper
54.3%
Musketeers
53.7%
Bullets
53.5%
Heroes
53%
Love
49.9%
Jackie
39.3%
Placid
38%
Barefoot
33.7%
Working
25.9%
Squid
21.7%
Money
16.4%
Humble
7.7%
Wellville
7.5%
City
6.6%
Haunting
3.7%

Today's Daily Dose

You're not logged in!

Compare scores with friends on all Sporcle quizzes.
OR
Log In

You Might Also Like...

Show Comments

Extras

Top Quizzes Today


Score Distribution

Your Account Isn't Verified!

In order to create a playlist on Sporcle, you need to verify the email address you used during registration. Go to your Sporcle Settings to finish the process.

Report this User

Report this user for behavior that violates our Community Guidelines.

Details: